Basic Statistics / (Record no. 184887)
[ view plain ]
| 000 -LEADER | |
|---|---|
| fixed length control field | 00865 a2200181 4500 |
| 003 - CONTROL NUMBER IDENTIFIER | |
| control field | Nust |
| 005 - DATE AND TIME OF LATEST TRANSACTION | |
| control field | 20230620145924.0 |
| 020 ## - INTERNATIONAL STANDARD BOOK NUMBER | |
| International Standard Book Number | 691650 |
| 040 ## - CATALOGING SOURCE | |
| Transcribing agency | Nust |
| 082 ## - DEWEY DECIMAL CLASSIFICATION NUMBER | |
| Classification number | 310,BLA |
| 100 ## - MAIN ENTRY--PERSONAL NAME | |
| Personal name | Blackwell,David |
| 9 (RLIN) | 113182 |
| 245 ## - TITLE STATEMENT | |
| Title | Basic Statistics / |
| Statement of responsibility, etc. | David Blackwell |
| 260 ## - PUBLICATION, DISTRIBUTION, ETC. | |
| Place of publication, distribution, etc. | New York |
| Name of publisher, distributor, etc. | mcGraw Hill |
| Date of publication, distribution, etc. | 1969 |
| 300 ## - PHYSICAL DESCRIPTION | |
| Extent | v,143. p.; |
| 505 ## - FORMATTED CONTENTS NOTE | |
| Formatted contents note | Probability (Page-1), Variables (Page-12), Densities (Page-19),Mean (Page-26), Variance (Page-36), Worth of a Predictor (Page-46), Correlation (Page-51), Multiple and Partial Correlation (Page-59), Independence (Page-64), Binomial Distribution (Page-72),Normal Approximation (Page-80), Inference (Page-88), Inference About Proportions I (Page-96), Inference About Proportions II (Page-102), Independent Proportions (Page-108), CHI Square (Page-114). |
| 650 ## - SUBJECT ADDED ENTRY--TOPICAL TERM | |
| Topical term or geographic name entry element | Basic Statistics |
| 9 (RLIN) | 113183 |
| 942 ## - ADDED ENTRY ELEMENTS (KOHA) | |
| Source of classification or shelving scheme | |
| Koha item type | Book |
| Withdrawn status | Lost status | Source of classification or shelving scheme | Damaged status | Not for loan | Permanent Location | Current Location | Shelving location | Date acquired | Full call number | Barcode | Date last seen | Price effective from | Koha item type | Public note |
|---|---|---|---|---|---|---|---|---|---|---|---|---|---|---|
| Military College of Signals (MCS) | Military College of Signals (MCS) | General Stacks | 12/12/2016 | 310,BLA | MCS5239 | 12/08/2016 | 12/12/2016 | Book | Almirah No.81, Shelf No.5 |
